<?xml version="1.0" encoding="UTF-8"?>
<collection xmlns="http://www.loc.gov/MARC21/slim">
 <record>
  <leader>01137nam a2200301u  4500</leader>
  <controlfield tag="001">34645</controlfield>
  <controlfield tag="003">BD-DhAAL</controlfield>
  <controlfield tag="005">20211129111443.0</controlfield>
  <controlfield tag="008">190505t1916    enkae   a     000 0 eng  </controlfield>
  <datafield tag="999" ind1=" " ind2=" ">
   <subfield code="c">40752</subfield>
   <subfield code="d">40752</subfield>
  </datafield>
  <datafield tag="010" ind1=" " ind2=" ">
   <subfield code="a">   17005848 </subfield>
  </datafield>
  <datafield tag="020" ind1=" " ind2=" ">
   <subfield code="a">9781112593550</subfield>
  </datafield>
  <datafield tag="040" ind1=" " ind2=" ">
   <subfield code="a">DLC</subfield>
   <subfield code="c">CarP</subfield>
   <subfield code="d">DLC</subfield>
   <subfield code="d">BD-DhAAL</subfield>
  </datafield>
  <datafield tag="050" ind1="1" ind2="0">
   <subfield code="a">HC437.B4</subfield>
   <subfield code="b">J3</subfield>
  </datafield>
  <datafield tag="050" ind1="0" ind2="0">
   <subfield code="a">Microfilm 48871 HC</subfield>
  </datafield>
  <datafield tag="082" ind1=" " ind2=" ">
   <subfield code="a">330.954922</subfield>
  </datafield>
  <datafield tag="100" ind1="1" ind2=" ">
   <subfield code="a">Jack, James Charles,</subfield>
   <subfield code="d">1876-1918. [from old catalog]</subfield>
   <subfield code="9">31495</subfield>
  </datafield>
  <datafield tag="245" ind1="1" ind2="4">
   <subfield code="a">The economic life of a Bengal district :</subfield>
   <subfield code="b">a study /</subfield>
   <subfield code="c">James Charles Jack</subfield>
  </datafield>
  <datafield tag="260" ind1=" " ind2=" ">
   <subfield code="a">Oxford,</subfield>
   <subfield code="b">The Clarendon press,</subfield>
   <subfield code="c">1916.</subfield>
  </datafield>
  <datafield tag="300" ind1=" " ind2=" ">
   <subfield code="a">158 pages :</subfield>
   <subfield code="b">incl. plans, tables ;</subfield>
   <subfield code="c">24 cm.</subfield>
  </datafield>
  <datafield tag="526" ind1=" " ind2=" ">
   <subfield code="a">BBS</subfield>
  </datafield>
  <datafield tag="541" ind1=" " ind2=" ">
   <subfield code="a">RIZA Enterprise</subfield>
   <subfield code="e">34645</subfield>
  </datafield>
  <datafield tag="650" ind1=" " ind2=" ">
   <subfield code="a">Business &amp; finance.</subfield>
   <subfield code="9">43343</subfield>
  </datafield>
  <datafield tag="651" ind1=" " ind2="0">
   <subfield code="a">Farīdpur District (Bangladesh)</subfield>
   <subfield code="9">31496</subfield>
  </datafield>
  <datafield tag="651" ind1=" " ind2="0">
   <subfield code="a">Bangladesh</subfield>
   <subfield code="x">Economic conditions.</subfield>
   <subfield code="9">31497</subfield>
  </datafield>
  <datafield tag="852" ind1=" " ind2=" ">
   <subfield code="a">Ayesha Abed Library</subfield>
   <subfield code="c">General Stacks</subfield>
  </datafield>
  <datafield tag="942" ind1=" " ind2=" ">
   <subfield code="2">ddc</subfield>
   <subfield code="c">BK</subfield>
  </datafield>
  <datafield tag="952" ind1=" " ind2=" ">
   <subfield code="0">0</subfield>
   <subfield code="1">0</subfield>
   <subfield code="2">ddc</subfield>
   <subfield code="4">0</subfield>
   <subfield code="6">330_954922000000000_JAC</subfield>
   <subfield code="7">0</subfield>
   <subfield code="9">65455</subfield>
   <subfield code="a">BRACUL</subfield>
   <subfield code="b">BRACUL</subfield>
   <subfield code="c">GEN</subfield>
   <subfield code="d">2019-05-05</subfield>
   <subfield code="e">RIZA Enterprise</subfield>
   <subfield code="g">4400.00</subfield>
   <subfield code="l">1</subfield>
   <subfield code="o">330.954922 JAC</subfield>
   <subfield code="p">3010034645</subfield>
   <subfield code="r">2019-05-12</subfield>
   <subfield code="s">2019-05-06</subfield>
   <subfield code="t">1</subfield>
   <subfield code="v">4400.00</subfield>
   <subfield code="w">2019-05-05</subfield>
   <subfield code="y">BK</subfield>
  </datafield>
 </record>
</collection>
